Músicos sobre música: en cartas, diarios y apuntes

Guardat en:
Dades bibliogràfiques
Autor principal: Rufer, Josef (Autor)
Format: Llibre
Idioma:espanyol
Publicat: Buenos Aires Eudeba 1964
Col·lecció:Temas de Eudeba - Música
Matèries:
Etiquetes: Afegir etiqueta
Sense etiquetes, Sigues el primer a etiquetar aquest registre!

MARC

LEADER 00000nam a2200000 a 4500
001 UCN2426
003 CL-VaPUC
008 010518e19640000AG |||||||||||||||||spa|d
082 0 4 |a 781.17  |b RUF  |2 21 
100 0 |a Rufer, Josef  |e author  |9 458284 
245 1 0 |a Músicos sobre música: en cartas, diarios y apuntes 
300 |a 292 p 
942 |c BK 
945 |d 20010518 00:00:00  |a crobeson 
260 |a Buenos Aires  |b Eudeba  |c 1964 
650 0 |a Estética musical  |9 265497 
650 0 |a Teoría musical  |9 265760 
650 0 |a Composición musical  |9 306660 
650 0 |a Compositores  |9 306451 
650 0 |a Músicos  |9 306340 
583 |a last modification  |c 20010518 00:00:00  |k Rodrigo Vera 
490 0 |a Temas de Eudeba - Música 
999 |c 295527  |d 295525 
952 |0 0  |1 0  |4 0  |6 781_170000000000000_RUF_1964  |7 0  |8 A  |9 348760  |a BIBEDU  |b BIBEDU  |d 2019-11-20  |i 1183508  |o 781.17 RUF 1964  |p 1183508  |r 2023-01-12  |w 2019-11-20  |y BK  |k MUS